000 01002nam a2200241Ia 4500
999 _c54663
_d54663
001 21730
003 GE_BSU
005 20220125172310.0
008 181216s ||||ge |||||||||||||| ||geo||
020 _a9789941275296
040 _cGE_BSU
041 _ageo
080 _a821.353.1(092)+37.01(479.22) ბ-29
100 _aბასილაძე, ნოდარ
_913456
245 _aილია ჭავჭავაძე და პედაგოგიკის საკითხები /
_cნოდარ ბასილაძე ; რედ. მამია ფაღავა.
264 _aბათუმი :
_bშპს "World-Print,
_c2017.
300 _a105 გვ. ;
_c21 სმ.
541 _h5 ლ.
653 _aილია ჭავჭავაძე და პედაგოგიკის საკითხები
653 _aპედაგოგიკა
700 _aფაღავა, მამია
_eრედაქტორი
_913457
942 _cBK
_2udc